000 00694cam a2200217 4500500
005 20260329010102.0
041 _afre
042 _adc
100 1 0 _aMuras, Stéphane
_eauthor
245 0 0 _aQuestionner le lien de causalité thèse-argument
260 _c2021.
500 _a76
690 _aArgumentation
690 _aArguments
690 _aDiscours
690 _aÉloquence
690 _aRhétorique
690 _aStéphane Muras
786 0 _nPhilosophie magazine - Hors séries | Hors-série Autome-hiver 2021 | HS51 | 2021-10-01 | p. 23-23 | 2104-9246
856 4 1 _uhttps://shs.cairn.info/magazine-philosophie-magazine-2021-hs51-page-23?lang=fr&redirect-ssocas=7080
999 _c1849365
_d1849365